1693 1907 1813 1075 1558 1034 1647 1186 1353 1710 1711 1846 1208 1520 1339 1718 1700 1273 1731 1900 1961 1471 1654 1318 1132 1302 1018 1188 1099 1482 1742 1470 1824 1954 1091 1843 1788 1659 1972 1449 1005 1948 1900 1251 1844 1436 1933 1026 1649 1309 1834 1792 1466 1063 1429 1541 1263 1458 1623 1160 1442 1052 1502 1130 1058 1891 1592 1514 1133 1494 1089 1997 1523 1514 1163 1613 1271 1981 1743 1924 1550 1694 1496 1198 1785 1191 1728 1226 1642 1396 1415 1411 1674 1459 1502 1218 1195 1193 1120 BCNSPRNW ULIB Ver.6.0+V

เปลี่ยนเป็นภาษาไทย

Change to English
 แสดงรายละเอียดบรรณานุกรม
  กลับหน้าหลัก

Brief Record : Get Marc (ISO 2709) : E-mail record : QR code < ปิดหน้าต่าง
LEADER : 00000nam 2200000uu 4500
001    13399125125
003     ULIB
008    160930s2555||||th 000 0 tha d
020    ^a9786167531670
090    ^aนว.^bอ164ท
100    ^aอนันตชา
245    ^aทัณฑ์สวาททาสรัก /^cอนันตชา
260    ^aกรุงเทพฯ :^bสำนักพิมพ์พลอยใส,^c2555
300    ^a240หน้า
945    ^p99^l0^i001360
999    ^aณรีรัตน์ วารุกา
รายการนี้ยังไม่มีแท็ก
คุณยังไม่ได้ล็อกอิน คุณสามารถมีกิจกรรมร่วมกับเว็บไซต์ได้ แต่ต้องล็อกอินก่อน ::
  ล็อกอิน

รายการสื่อสารสนเทศ

ลำดับที่ ประเภท เลขเรียก/บาร์โค้ด สถานที่ สถานะ
1. นวนิยาย
นวนิยาย
นว. อ164ท ฉ.1 
  Barcode: 001360
ห้องสมุดวิทยาเขตนครสวรรค์
►นวนิยาย:l:Fiction
บนชั้น

BibComment


ยังไม่เคยถูกคอมเมนท์

คอมเมนท์ทรัพยากรรายการนี้
  คอมเมนท์: ทัณฑ์สวาททาสรัก ..


 Copyright 2026. Bcnsprnw @Library